Online
Catalog

Didactica para la escuela primaria / (Record no. 57397)

MARC details
000 -CABECERA
campo de control de longitud fija 01465nam a2200349 i 4500
003 - IDENTIFICADOR DEL NÚMERO DE CONTROL
campo de control DO-SdBNP
005 - FECHA Y HORA DE LA ÚLTIMA TRANSACCIÓN
campo de control 20240809112646.0
006 - CÓDIGOS DE INFORMACIÓN DE LONGITUD FIJA--CARACTERÍSTICAS DEL MATERIAL ADICIONAL
campo de control de longitud fija a||||br|||| 00| 0
007 - CAMPO FIJO DE DESCRIPCIÓN FÍSICA--INFORMACIÓN GENERAL
campo de control de longitud fija ta
008 - DATOS DE LONGITUD FIJA--INFORMACIÓN GENERAL
campo de control de longitud fija 240809m19731966ag ad||| |||| 00| 0 spa d
040 ## - FUENTE DE LA CATALOGACIÓN
Centro catalogador/agencia de origen DO-SdBNP
Lengua de catalogación spa
Centro/agencia transcriptor bnphu
Normas de descripción rda
082 #4 - NÚMERO DE LA CLASIFICACIÓN DECIMAL DEWEY
Número de edición 22
Número de documento/Ítem D725d 1973
100 1# - ENTRADA PRINCIPAL--NOMBRE DE PERSONA
Nombre de persona Dottrens, Robert
Término indicativo de función/relación autor
9 (RLIN) 86257
245 10 - MENCIÓN DE TÍTULO
Título Didactica para la escuela primaria /
Mención de responsabilidad, etc. Robert Dotrens; Adolfo Millo, Gaston Mialaret Michael Ray, Edmond Rast.
250 ## - MENCIÓN DE EDICIÓN
Mención de edición Tercera edición
264 #1 - PRODUCCIÓN, PUBLICACIÓN, DISTRIBUCIÓN, FABRICACIÓN Y COPYRIGHT
Producción, publicación, distribución, fabricación y copyright Argentina, Buenos Aires :
Nombre del de productor, editor, distribuidor, fabricante Editorial Universitaria de Buenos Aires,
Fecha de producción, publicación, distribución, fabricación o copyright 1973
264 #4 - PRODUCCIÓN, PUBLICACIÓN, DISTRIBUCIÓN, FABRICACIÓN Y COPYRIGHT
Producción, publicación, distribución, fabricación y copyright Argentina, Buenos Aires :
Nombre del de productor, editor, distribuidor, fabricante Unesco,
Fecha de producción, publicación, distribución, fabricación o copyright ©1966
300 ## - DESCRIPCIÓN FÍSICA
Extensión 415 páginas :
Otras características físicas ilustraciones ;
Dimensiones 22 cm.
336 ## - TIPO DE CONTENIDO
Fuente rdacontent
Término de tipo de contenido texto
Código de tipo de contenido txt
337 ## - TIPO DE MEDIO
Fuente rdamedia
Nombre/término del tipo de medio sin mediación
Código del tipo de medio n
338 ## - TIPO DE SOPORTE
Fuente rdacarrier
Nombre/término del tipo de soporte volumen
Código del tipo de soporte nc
504 ## - NOTA DE BIBLIOGRAFÍA, ETC.
Nota de bibliografía, etc. Bibliografía: 415-416
505 0# - NOTA DE CONTENIDO CON FORMATO
Nota de contenido con formato Prólogo.-- Prefacio.-- Introducción.
Información miscelánea Primera Parte.
Título La Educación: Enseñar a conducirse.--
Información miscelánea Segunda Parte.
Título La Enseñanza: Enseñar a aprender.--
Información miscelánea Tercera Parte.
Título La Enseñanza de la Lengua Materna.--
Información miscelánea Cuarta Parte.
Título Metodología de las Enseñanzas Fundamentales.--
Información miscelánea Bibliografía.
590 ## - NOTA LOCAL (RLIN)
Nota local Inventariado 2024 / MF
700 1# - PUNTO DE ACCESO ADICIONAL--NOMBRE DE PERSONA
Nombre de persona Millo Adolfo
9 (RLIN) 86258
700 1# - PUNTO DE ACCESO ADICIONAL--NOMBRE DE PERSONA
Nombre de persona Mialaret, Gaston
9 (RLIN) 86259
700 1# - PUNTO DE ACCESO ADICIONAL--NOMBRE DE PERSONA
Nombre de persona Ray, Michael
9 (RLIN) 86260
700 1# - PUNTO DE ACCESO ADICIONAL--NOMBRE DE PERSONA
Nombre de persona Rast, Edmond
9 (RLIN) 86261
710 2# - PUNTO DE ACCESO ADICIONAL--NOMBRE DE ENTIDAD CORPORATIVA
Nombre de entidad corporativa o nombre de jurisdicción como elemento de entrada Unesco
9 (RLIN) 19805
710 2# - PUNTO DE ACCESO ADICIONAL--NOMBRE DE ENTIDAD CORPORATIVA
Nombre de entidad corporativa o nombre de jurisdicción como elemento de entrada Universidad Universitaria de Buenos Aires
9 (RLIN) 86262
942 ## - ELEMENTOS DE PUNTO DE ACCESO ADICIONAL (KOHA)
Fuente del sistema de clasificación o colocación Dewey Decimal Classification
Tipo de ítem Koha Libro
Holdings
Estado de retiro Estado de pérdida Fuente del sistema de clasificación o colocación Restricciones de uso No para préstamo Código de colección Localización permanente Ubicación/localización actual Ubicación en estantería Fecha de adquisición Fuente de adquisición Total de préstamos Signatura topográfica completa Código de barras Fecha visto por última vez Precio válido a partir de Tipo de ítem Koha
    Dewey Decimal Classification Préstamo en sala   General Biblioteca Nacional Pedro Henríquez Ureña Biblioteca Nacional Pedro Henríquez Ureña En catalogación 21.07.2015 Donado por Bárbara Suncar   D725d 1973 2024-4726 09.08.2024 09.08.2024 Libro

Powered by Koha